Statistics for Countries Closest to Panama

Click here to take the quiz!

General Stats

  • This quiz has been taken 27 times
  • The average score is 19 of 20

Answer Stats

MiKmAnswer% Correct
664.41,069.2Brazil
100%
00Colombia
100%
720.81,160.0Cuba
100%
402.0646.9Ecuador
100%
559.4900.3Guatemala
100%
377.1606.7Honduras
100%
106.1170.8Nicaragua
100%
00Costa Rica
96%
571.4919.5Jamaica
96%
684.71,101.9Mexico
96%
535.0861.0Peru
96%
1,065.41,714.6United States of America
96%
273.1439.5Venezuela
96%
597.6961.7Belize
92%
736.21,184.7Dominican Republic
92%
421.8678.9El Salvador
92%
647.21,041.6Haiti
92%
978.11,574.1Bahamas
88%
1,087.11,749.6Grenada
81%
1,094.21,760.9Trinidad and Tobago
81%

Score Distribution

Percentile by Number Answered

Percent of People with Each Score

Your Score History

You have not taken this quiz